[Event "Nis op"]
[Site "Nis"]
[Date "2013.03.26"]
[Round "7"]
[White "Ilic, Slobodan"]
[Black "Krstic, Aca Jovan"]
[Result "1-0"]
[WhiteElo "2109"]
[BlackElo "1946"]
[PlyCount "51"]
[EventDate "2013.03.21"]
[EventType "swiss"]
[EventRounds "9"]
[EventCountry "SRB"]
[SourceTitle "CBM 153 Extra"]
[Source "ChessBase"]
[SourceDate "2013.04.22"]
[SourceVersion "1"]
[SourceVersionDate "2013.04.22"]
[SourceQuality "1"]

1. c4 Nf6 2. Nc3 d5 3. cxd5 Nxd5 4. g3 e6 5. Bg2 c6 6. Nf3 Be7 7. 0-0 0-0 8. e4 Nxc3 9. bxc3 Nd7 10. d4 Qa5 11. Qc2 c5 12. Rd1 cxd4 13. cxd4 Nf6 14. Ne5 Bd7 15. Nxd7 Nxd7 16. Bd2 Qb6 17. Rab1 Rac8 18. Rxb6 Rxc2 19. Rxb7 Rd8 20. Ba5 Rb8 21. Rxd7 Rbb2 22. Rxe7 Kf8 23. Rxa7 Rxf2 24. Bf1 g5 25. d5 exd5 26. exd5 1-0

[Event "Nis op"]
[Site "Nis"]
[Date "2013.03.25"]
[Round "6"]
[White "Nikic, Dragan"]
[Black "Ilic, Slobodan"]
[Result "0-1"]
[WhiteElo "1870"]
[BlackElo "2109"]
[PlyCount "50"]
[EventDate "2013.03.21"]
[EventType "swiss"]
[EventRounds "9"]
[EventCountry "SRB"]
[SourceTitle "CBM 153 Extra"]
[Source "ChessBase"]
[SourceDate "2013.04.22"]
[SourceVersion "1"]
[SourceVersionDate "2013.04.22"]
[SourceQuality "1"]

1. e4 c5 2. Nc3 Nc6 3. g3 g6 4. Bg2 Bg7 5. d3 d6 6. Nge2 Nf6 7. h3 0-0 8. 0-0 Rb8 9. g4 b5 10. Ng3 Nd7 11. f4 Nd4 12. Nd5 b4 13. Ne3 a5 14. g5 Ba6 15. Ng4 Kh8 16. h4 f5 17. Nh6 e6 18. h5 Bxh6 19. gxh6 Rg8 20. hxg6 Rxg6 21. Ne2 Qh4 22. Nxd4 Rbg8 23. Rf2 cxd4 24. exf5 exf5 25. Kf1 Qxf2+ 0-1

[Event "Skopje Karposh op"]
[Site "Skopje"]
[Date "2013.03.14"]
[Round "7"]
[White "Klemencic, Gorazd"]
[Black "Ilic, Slobodan"]
[Result "0-1"]
[WhiteElo "2225"]
[BlackElo "2109"]
[PlyCount "76"]
[EventDate "2013.03.09"]
[EventType "swiss"]
[EventRounds "9"]
[EventCountry "MKD"]
[SourceTitle "CBM 153 Extra"]
[Source "ChessBase"]
[SourceDate "2013.04.22"]
[SourceVersion "1"]
[SourceVersionDate "2013.04.22"]
[SourceQuality "1"]

1. d4 Nf6 2. Nf3 e6 3. Nbd2 d5 4. e3 Be7 5. c4 0-0 6. b3 b6 7. Bb2 Bb7 8. Bd3 Nbd7 9. Rc1 c5 10. Qe2 Rc8 11. 0-0 Rc7 12. Ne5 cxd4 13. exd4 Qa8 14. f4 dxc4 15. bxc4 Rd8 16. a3 Nf8 17. Rce1 Ne8 18. Qh5 g6 19. Qh3 Bf6 20. g4 Bg7 21. Qg3 f6 22. Nef3 Rcd7 23. h4 Qb8 24. Qh2 f5 25. Ne5 Bxe5 26. fxe5 Rxd4 27. Bxd4 Rxd4 28. Bxf5 gxf5 29. Rf4 Rxf4 30. Qxf4 Ng7 31. gxf5 exf5 32. Nf3 Nfe6 33. Qg3 Qe8 34. Rd1 Qc6 35. Rd3 Qxc4 36. Ng5 f4 37. Qh3 Qc5+ 38. Kf1 Ba6 0-1

[Event "Srpska Republic-chT 1st League"]
[Site "Banja Vrucica"]
[Date "2012.08.14"]
[Round "4"]
[White "Sredojevic, Srdjan"]
[Black "Ilic, Slobodan"]
[Result "1/2-1/2"]
[WhiteElo "2188"]
[BlackElo "2134"]
[PlyCount "91"]
[EventDate "2012.08.11"]
[EventType "team-tourn"]
[EventRounds "7"]
[EventCountry "BIH"]
[SourceTitle "CBM 149 Extra"]
[Source "ChessBase"]
[SourceDate "2012.08.24"]
[SourceVersion "1"]
[SourceVersionDate "2012.08.24"]
[SourceQuality "1"]
[WhiteTeam "Sokolac"]
[BlackTeam "Brcko Jedinstvo"]
[WhiteTeamCountry "SRB"]
[BlackTeamCountry "SRB"]

1. Nf3 d5 2. d4 Nf6 3. c4 c6 4. Nc3 e6 5. e3 Nbd7 6. Be2 Bd6 7. 0-0 0-0 8. Qc2 Qe7 9. e4 dxe4 10. Ng5 e5 11. dxe5 Bxe5 12. Ncxe4 h6 13. Nxf6+ Nxf6 14. Nf3 Bc7 15. Be3 Ng4 16. Bd4 Nxh2 17. Nxh2 Bxh2+ 18. Kxh2 Qh4+ 19. Kg1 Qxd4 20. Rad1 Qf6 21. c5 Bf5 22. Qb3 Rab8 23. Bf3 Be6 24. Qa3 a6 25. Rd6 Qf4 26. Rfd1 Rfe8 27. R6d4 Qg5 28. Rd6 h5 29. Qc3 h4 30. R6d4 h3 31. g3 Qf6 32. a3 Rbc8 33. R4d3 Qxc3 34. Rxc3 g5 35. g4 Kg7 36. Kh2 Rh8 37. Be2 Bd5 38. Rxh3 Rxh3+ 39. Kxh3 Re8 40. Bd3 Bf3 41. Rc1 Be4 42. Be2 Bg2+ 43. Kxg2 Rxe2 44. b4 Rd2 45. Rc3 Kf6 46. Kf3 1/2-1/2

[Event "EU-ch 13th"]
[Site "Plovdiv"]
[Date "2012.03.28"]
[Round "8"]
[White "Manea, Alexandru"]
[Black "Ilic, Slobodan"]
[Result "1-0"]
[WhiteElo "2381"]
[BlackElo "2160"]
[PlyCount "73"]
[EventDate "2012.03.20"]
[EventType "swiss"]
[EventRounds "11"]
[EventCountry "BUL"]
[SourceTitle "CBM 148"]
[Source "ChessBase"]
[SourceDate "2012.05.16"]
[SourceVersion "1"]
[SourceVersionDate "2012.05.16"]
[SourceQuality "1"]

1. e4 c5 2. Nf3 e6 3. d4 cxd4 4. Nxd4 Nf6 5. Nc3 d6 6. Be3 Nc6 7. Bc4 Be7 8. Bb3 a6 9. Qe2 Qc7 10. 0-0-0 Na5 11. g4 b5 12. g5 Nxb3+ 13. axb3 Nd7 14. Nf5 exf5 15. Nd5 Qd8 16. exf5 Bb7 17. f6 gxf6 18. gxf6 Bxd5 19. Rxd5 Nxf6 20. Rf5 Qa5 21. Qf3 Kd7 22. Bd4 Rhe8 23. b4 Qc7 24. Bxf6 Rac8 25. Bc3 Qc6 26. Qxc6+ Kxc6 27. Rxf7 Rc7 28. Kd1 Bh4 29. Rf4 Bd8 30. Rg1 Re6 31. Rg3 Rd7 32. Bd4 a5 33. Rc3+ Kb7 34. Rf5 d5 35. Rc5 Ka7 36. Rfxd5 Red6 37. Rc6+ 1-0

[Event "EU-ch 13th"]
[Site "Plovdiv"]
[Date "2012.03.22"]
[Round "3"]
[White "Ilic, Slobodan"]
[Black "Kabanov, Nikolai"]
[Result "0-1"]
[WhiteElo "2160"]
[BlackElo "2502"]
[PlyCount "96"]
[EventDate "2012.03.20"]
[EventType "swiss"]
[EventRounds "11"]
[EventCountry "BUL"]
[SourceTitle "CBM 148"]
[Source "ChessBase"]
[SourceDate "2012.05.16"]
[SourceVersion "1"]
[SourceVersionDate "2012.05.16"]
[SourceQuality "1"]

1. c4 g6 2. Nc3 Bg7 3. g3 d6 4. Bg2 e5 5. Nf3 f5 6. d3 Nf6 7. 0-0 0-0 8. Bg5 h6 9. Bxf6 Qxf6 10. Rb1 c6 11. Nd2 a5 12. Qc2 Nd7 13. a3 Nc5 14. Na4 Nxa4 15. Qxa4 Ra6 16. Qc2 a4 17. b4 axb3 18. Rxb3 g5 19. Qa2 Kh8 20. a4 g4 21. a5 Qd8 22. Ra3 Be6 23. Rb1 Rf7 24. Ra4 h5 25. Qa3 Rd7 26. Nf1 h4 27. c5 h3 28. Bh1 dxc5 29. Qxc5 b5 30. Ra3 Bd5 31. Bxd5 Bf8 32. Qe3 Rxd5 33. Raa1 Qf6 34. Qc1 b4 35. Ne3 Rdxa5 36. Nc4 Rxa1 37. Rxa1 Rxa1 38. Qxa1 Bg7 39. e3 Qd8 40. Qd1 e4 41. d4 Qd5 42. Qc2 c5 43. dxc5 Qxc5 44. Qa2 Qd5 45. Qc2 Qd3 46. Na3 bxa3 47. Qc8+ Kh7 48. Qxf5+ Kg8 0-1

[Event "EU-ch 13th"]
[Site "Plovdiv"]
[Date "2012.03.21"]
[Round "2"]
[White "Ivanov, Alexey2222"]
[Black "Ilic, Slobodan"]
[Result "1-0"]
[WhiteElo "2424"]
[BlackElo "2160"]
[PlyCount "120"]
[EventDate "2012.03.20"]
[EventType "swiss"]
[EventRounds "11"]
[EventCountry "BUL"]
[SourceTitle "CBM 148"]
[Source "ChessBase"]
[SourceDate "2012.05.16"]
[SourceVersion "1"]
[SourceVersionDate "2012.05.16"]
[SourceQuality "1"]

1. e4 c5 2. Nf3 e6 3. d4 cxd4 4. Nxd4 Nf6 5. Nc3 d6 6. g3 Nc6 7. Bg2 Bd7 8. 0-0 Be7 9. Be3 0-0 10. Qe2 a6 11. Rad1 Qc7 12. Kh1 Rac8 13. f4 Nxd4 14. Rxd4 Bc6 15. g4 Nd7 16. f5 Rfe8 17. Qf2 Ne5 18. Qg3 Bf8 19. Rfd1 b5 20. Ne2 Qb7 21. Bc1 Nd7 22. fxe6 fxe6 23. Qe3 e5 24. R4d2 Nc5 25. Nc3 Ne6 26. Nd5 Bxd5 27. exd5 Nf4 28. Be4 g6 29. Rf2 Bg7 30. g5 Rf8 31. c3 Qc7 32. Rc2 Qe7 33. Qg3 Rc4 34. Re1 Qb7 35. Qf3 Rc7 36. Qg4 Kh8 37. b3 Rcf7 38. Rd1 Qb6 39. Re1 Nxd5 40. Qd1 Nf4 41. Be3 Qb8 42. c4 Qd8 43. Qg4 bxc4 44. bxc4 d5 45. cxd5 Nxd5 46. Bc5 Rf1+ 47. Rxf1 Rxf1+ 48. Bg1 Ne7 49. Qe2 Rf4 50. Bb7 Rf8 51. Rd2 Qa5 52. Rd7 Nf5 53. Qxa6 Qe1 54. Qd3 Qh4 55. Rd8 Qxg5 56. Rxf8+ Bxf8 57. a4 Qe7 58. Qd5 e4 59. Qxe4 Qxe4+ 60. Bxe4 Bb4 1-0

[Event "Belgrade Trophy 21st"]
[Site "Obrenovac"]
[Date "2008.12.03"]
[Round "7"]
[White "Popovic, Nenad"]
[Black "Ilic, Slobodan"]
[Result "0-1"]
[WhiteElo "2305"]
[BlackElo "2186"]
[PlyCount "97"]
[EventDate "2008.11.27"]
[EventType "swiss"]
[EventRounds "9"]
[EventCountry "YUG"]
[SourceTitle "CBM 127 Extra"]
[Source "ChessBase"]
[SourceDate "2009.01.08"]
[SourceVersion "2"]
[SourceVersionDate "2009.01.28"]
[SourceQuality "1"]

1. d4 Nf6 2. Nf3 e6 3. e3 b6 4. Bd3 Bb7 5. Nbd2 d5 6. Qe2 Be7 7. e4 dxe4 8. Nxe4 Nbd7 9. Neg5 Bd6 10. Bd2 Qe7 11. Ne5 0-0 12. 0-0-0 Rad8 13. h4 c5 14. Nxd7 Rxd7 15. dxc5 bxc5 16. Bc3 e5 17. Rhe1 h6 18. f4 e4 19. Nxe4 Bxf4+ 20. Bd2 Bxd2+ 21. Nxd2 Qxe2 22. Rxe2 Rfd8 23. Rg1 h5 24. Rge1 Kf8 25. Bb5 Rc7 26. Nc4 a6 27. Ba4 g6 28. Rf1 Kg7 29. Bb3 Ng4 30. g3 Bc8 31. Rfe1 Be6 32. c3 Rd3 33. Ne3 Bxb3 34. axb3 Nf6 35. Rd1 Rcd7 36. Rxd3 Rxd3 37. Kc2 Rd7 38. Nc4 Rd5 39. Re3 Rf5 40. Kd3 Ng4 41. Re7 Rf3+ 42. Ke2 Rxg3 43. Rc7 g5 44. Nd6 gxh4 45. Nf5+ Kg6 46. Nxg3 hxg3 47. Kf3 h4 48. Rxc5 f5 49. Rd5 0-1

[Event "Belgrade Trophy 21st"]
[Site "Obrenovac"]
[Date "2008.12.01"]
[Round "5"]
[White "Djurdjevic, Petar S"]
[Black "Ilic, Slobodan"]
[Result "0-1"]
[WhiteElo "2000"]
[BlackElo "2186"]
[PlyCount "80"]
[EventDate "2008.11.27"]
[EventType "swiss"]
[EventRounds "9"]
[EventCountry "YUG"]
[SourceTitle "CBM 127 Extra"]
[Source "ChessBase"]
[SourceDate "2009.01.08"]
[SourceVersion "2"]
[SourceVersionDate "2009.01.28"]
[SourceQuality "1"]

1. e4 c5 2. Nc3 Nc6 3. g3 g6 4. Bg2 Bg7 5. f4 d6 6. d3 Nf6 7. Nf3 0-0 8. 0-0 Bg4 9. h3 Bxf3 10. Bxf3 Nd4 11. Bg2 Rb8 12. Be3 Nd7 13. Qd2 b5 14. Nd1 Qb6 15. c3 Ne6 16. g4 b4 17. Kh1 bxc3 18. bxc3 Qa5 19. Rc1 Nc7 20. Qf2 Nb5 21. d4 Qa3 22. Rc2 Rbc8 23. e5 Qa4 24. Rb2 Rc7 25. Bd5 e6 26. Bb3 Qa5 27. Bd2 Qa6 28. a4 Na3 29. Ne3 Rb8 30. Bc1 Rcb7 31. Bd1 Rxb2 32. Bxb2 Qb7+ 33. Bf3 Qxb2 34. exd6 Qxf2 35. Rxf2 cxd4 36. cxd4 Bxd4 37. Ra2 Bxe3 38. Rxa3 Bxf4 39. Bc6 Nc5 40. d7 Kf8 0-1

[Event "Belgrade Trophy 21st"]
[Site "Obrenovac"]
[Date "2008.11.27"]
[Round "1"]
[White "Sekulovic, Dusica"]
[Black "Ilic, Slobodan"]
[Result "0-1"]
[WhiteElo "1797"]
[BlackElo "2186"]
[PlyCount "68"]
[EventDate "2008.11.27"]
[EventType "swiss"]
[EventRounds "9"]
[EventCountry "YUG"]
[SourceTitle "CBM 127 Extra"]
[Source "ChessBase"]
[SourceDate "2009.01.08"]
[SourceVersion "2"]
[SourceVersionDate "2009.01.28"]
[SourceQuality "1"]

1. e4 c5 2. Nc3 Nc6 3. g3 g6 4. Bg2 Bg7 5. d3 d6 6. Be3 Nf6 7. h3 0-0 8. Qd2 Re8 9. Nf3 Rb8 10. 0-0 Qa5 11. Kh2 b5 12. a3 Qc7 13. Bg5 e6 14. Nd1 a5 15. Re1 Nd7 16. Bh6 Bh8 17. c3 a4 18. Qc2 Na5 19. Ne3 Ne5 20. Rad1 Bb7 21. Ng4 Rbc8 22. Nfxe5 dxe5 23. Bg5 f5 24. Nh6+ Kf8 25. h4 Bc6 26. Qe2 Qb7 27. h5 Rc7 28. Qe3 Nb3 29. Bh3 b4 30. Rb1 Rd7 31. Bh4 fxe4 32. dxe4 Nd2 33. Qxc5+ Rde7 34. Bxe7+ Rxe7 0-1

[Event "Chalkidiki op"]
[Site "Chalkidiki"]
[Date "2008.04.30"]
[Round "2"]
[White "Ilic, Slobodan"]
[Black "Vragoteris, Antonios"]
[Result "1/2-1/2"]
[WhiteElo "2182"]
[BlackElo "2317"]
[PlyCount "106"]
[EventDate "2008.04.29"]
[EventType "swiss"]
[EventRounds "9"]
[EventCountry "GRE"]
[SourceTitle "CBM 123 Extra"]
[Source "ChessBase"]
[SourceDate "2008.05.06"]
[SourceVersion "1"]
[SourceVersionDate "2008.05.06"]
[SourceQuality "1"]

1. e4 c5 2. Nf3 e6 3. d4 cxd4 4. Nxd4 Nc6 5. Nc3 Qc7 6. g3 a6 7. Bg2 Nf6 8. 0-0 Nxd4 9. Qxd4 Bc5 10. Qd3 Ng4 11. h3 Ne5 12. Qe2 d6 13. Kh1 Bd4 14. Nd1 Bd7 15. a4 Rc8 16. c3 Ba7 17. Be3 Bxe3 18. Nxe3 Nc4 19. Nxc4 Qxc4 20. Qd2 0-0 21. a5 Bc6 22. Rfe1 Rfd8 23. Kh2 d5 24. Bf1 Qc5 25. b4 Qa7 26. Red1 Qb8 27. exd5 Rxd5 28. Qe3 Qd6 29. Be2 Qe5 30. Qxe5 Rxe5 31. Rd2 Kf8 32. c4 Ke7 33. Rb2 Rd8 34. b5 Be4 35. Ra3 Rc5 36. f3 Bg6 37. Kg2 Rd6 38. Kf2 h5 39. h4 e5 40. Ke3 Bf5 41. bxa6 bxa6 42. Rb7+ Bd7 43. Bf1 Kd8 44. Bd3 Kc8 45. Rb4 Be6 46. Raa4 f5 47. Be2 Kc7 48. Bd3 f4+ 49. gxf4 exf4+ 50. Ke2 g5 51. hxg5 Rxg5 52. c5 Rxc5 53. Rxf4 Rdd5 1/2-1/2

[Event "SRB-chT Cup 50th"]
[Site "Mataruska Banja"]
[Date "2007.05.25"]
[Round "5"]
[White "Martic, Ivan"]
[Black "Ilic, Slobodan"]
[Result "1/2-1/2"]
[WhiteElo "2283"]
[BlackElo "2190"]
[PlyCount "113"]
[EventDate "2007.05.21"]
[EventType "team-tourn"]
[EventRounds "7"]
[EventCountry "YUG"]
[SourceTitle "CBM 118 Extra"]
[Source "ChessBase"]
[SourceDate "2007.07.04"]
[SourceVersion "1"]
[SourceVersionDate "2007.07.04"]
[SourceQuality "1"]

1. e4 c5 2. Nf3 e6 3. d4 cxd4 4. Nxd4 Nf6 5. Nc3 d6 6. Bc4 Nc6 7. Be3 Be7 8. Qe2 a6 9. 0-0-0 Qc7 10. Rhg1 Na5 11. Bd3 b5 12. g4 b4 13. Na4 Bb7 14. g5 Nd7 15. Nf5 exf5 16. exf5 Qc6 17. Bd4 0-0-0 18. Qxe7 Qxa4 19. Bxg7 Qxa2 20. Bxh8 Rxh8 21. Qxd6 Qa1+ 22. Kd2 Qxb2 23. Rg4 Qc3+ 24. Ke2 Qe5+ 25. Be4 Qxd6 26. Rxd6 Re8 27. f3 Nc4 28. Rd4 Ndb6 29. Kf2 a5 30. Rh4 Na3 31. Bd3 Rg8 32. f4 Bd5 33. Rh6 Kc7 34. Rxb6 Kxb6 35. Rxd5 Rc8 36. Rd6+ Kc5 37. Ra6 Kd4 38. Rxa5 Nxc2 39. Bxc2 Rxc2+ 40. Kg3 b3 41. Ra7 b2 42. Rb7 Kc4 43. Rc7+ Kd3 44. Rb7 Kc3 45. Rc7+ Kd2 46. Rb7 Kc1 47. h4 b1Q 48. Rxb1+ Kxb1 49. Kg4 Rf2 50. f6 Kc2 51. f5 Kd3 52. Kh5 Ke4 53. Kh6 Kxf5 54. Kxh7 Rh2 55. Kg7 Rxh4 56. Kxf7 Kxg5 57. Kg7 1/2-1/2

[Event "Boskovic Memorial op 7th"]
[Site "Belgrade"]
[Date "2006.10.09"]
[Round "7"]
[White "Ilic, Slobodan"]
[Black "Spiric, Igor"]
[Result "1/2-1/2"]
[WhiteElo "2225"]
[BlackElo "2306"]
[PlyCount "91"]
[EventDate "2006.10.02"]
[EventType "swiss"]
[EventRounds "9"]
[EventCountry "YUG"]
[SourceTitle "CBM 114 Extra"]
[Source "ChessBase"]
[SourceDate "2006.11.03"]
[SourceVersion "1"]
[SourceVersionDate "2006.11.03"]
[SourceQuality "1"]

1. Nf3 Nf6 2. g3 b6 3. Bg2 Bb7 4. 0-0 c5 5. d3 d6 6. e4 g6 7. c3 Bg7 8. Re1 e5 9. Bg5 h6 10. Bd2 0-0 11. c4 Nc6 12. a3 a5 13. Nc3 Bc8 14. Nb5 Ne8 15. Nh4 Nc7 16. Nxc7 Qxc7 17. Bc3 Qe7 18. Bf3 Rb8 19. Ng2 Be6 20. Ne3 Nd4 21. Bxd4 cxd4 22. Nd5 Bxd5 23. cxd5 h5 24. Rc1 Rbc8 25. Re2 Rc5 26. Rxc5 bxc5 27. Qa4 Qc7 28. Rc2 Qb6 29. Bd1 f5 30. exf5 Rxf5 31. Kg2 h4 32. Bg4 Rf8 33. Be6+ Kh7 34. f3 Qd8 35. Re2 Bh6 36. Re4 Qf6 37. Qd7+ Kh8 38. Bg4 hxg3 39. hxg3 Rb8 40. Re2 Rb3 41. Qc8+ Qf8 42. Qa6 Qb8 43. Kh3 Be3 44. Be6 Kg7 45. Qc6 Qd8 46. Qa6 1/2-1/2

[Event "Portoroz op"]
[Site "Portoroz"]
[Date "2005.05.01"]
[Round "8"]
[White "Adam, Miroslav"]
[Black "Ilic, Slobodan"]
[Result "0-1"]
[WhiteElo "2158"]
[BlackElo "2229"]
[PlyCount "104"]
[EventDate "2005.04.26"]
[EventType "swiss"]
[EventRounds "7"]
[EventCountry "SLO"]
[SourceTitle "EXT 2006"]
[Source "ChessBase"]
[SourceDate "2005.11.24"]
[SourceVersion "1"]
[SourceVersionDate "2005.11.24"]
[SourceQuality "1"]

1. d4 Nf6 2. Nf3 e6 3. g3 d5 4. Bg2 Be7 5. 0-0 0-0 6. Nbd2 Nbd7 7. b3 c6 8. c4 b6 9. Qc2 Bb7 10. Bb2 Rc8 11. Rfe1 c5 12. e3 Qc7 13. Rac1 Qb8 14. Qb1 cxd4 15. exd4 dxc4 16. Nxc4 Qa8 17. Nh4 Bb4 18. Re2 b5 19. Ne5 Rxc1+ 20. Qxc1 Bxg2 21. Nxg2 Rc8 22. Rc2 Rxc2 23. Qxc2 Nxe5 24. dxe5 Ne4 25. Nf4 Bc5 26. Nd3 Bb6 27. Bc1 h6 28. Qe2 Qd5 29. Be3 Nc3 30. Qd2 Bxe3 31. Qxc3 Bd4 32. Qc8+ Kh7 33. Qc2 Qe4 34. a4 bxa4 35. bxa4 Bxe5 36. Qd1 Bd4 37. Qc2 f5 38. Qb1 e5 39. h3 Bb6 40. Kh2 f4 41. g4 Qd4 42. Qc2 e4 43. Nxf4 Qe5 44. Qd2 Bc7 45. Kg3 Kh8 46. h4 g5 47. hxg5 hxg5 48. Qd7 Qxf4+ 49. Kg2 Qh2+ 50. Kf1 Qh1+ 51. Ke2 Qf3+ 52. Kf1 Qd3+ 0-1

[Event "Portoroz op"]
[Site "Portoroz"]
[Date "2005.05.01"]
[Round "7"]
[White "Ilic, Slobodan"]
[Black "Jeran, Bostjan"]
[Result "1/2-1/2"]
[WhiteElo "2229"]
[BlackElo "2093"]
[PlyCount "67"]
[EventDate "2005.04.26"]
[EventType "swiss"]
[EventRounds "7"]
[EventCountry "SLO"]
[SourceTitle "EXT 2006"]
[Source "ChessBase"]
[SourceDate "2005.11.24"]
[SourceVersion "1"]
[SourceVersionDate "2005.11.24"]
[SourceQuality "1"]

1. e4 d6 2. d4 Nf6 3. Nc3 g6 4. f4 Bg7 5. Nf3 0-0 6. Bd3 Na6 7. 0-0 c5 8. d5 Nc7 9. a4 Na6 10. h3 Nb4 11. Bc4 b6 12. Rf2 e6 13. dxe6 Bxe6 14. Bxe6 fxe6 15. Qe2 Qe7 16. e5 Nh5 17. exd6 Qxd6 18. Nb5 Qe7 19. Ne5 a6 20. Nc3 Ng3 21. Qe1 Rad8 22. Be3 Qc7 23. a5 b5 24. Nf3 Nd5 25. Nxd5 exd5 26. c3 Rfe8 27. Rd2 Nf5 28. Re2 h6 29. Bd2 Rxe2 30. Qxe2 Kh7 31. Qe6 Rd6 32. Qe8 Rd8 33. Qe6 Rd6 34. Qe8 1/2-1/2

[Event "Portoroz op"]
[Site "Portoroz"]
[Date "2005.04.27"]
[Round "3"]
[White "Ilic, Slobodan"]
[Black "Filip, Matej"]
[Result "1-0"]
[WhiteElo "2229"]
[BlackElo "1975"]
[PlyCount "63"]
[EventDate "2005.04.26"]
[EventType "swiss"]
[EventRounds "7"]
[EventCountry "SLO"]
[SourceTitle "EXT 2006"]
[Source "ChessBase"]
[SourceDate "2005.11.24"]
[SourceVersion "1"]
[SourceVersionDate "2005.11.24"]
[SourceQuality "1"]

1. e4 c5 2. Nf3 e6 3. d4 cxd4 4. Nxd4 Nf6 5. Nc3 Nc6 6. Nxc6 bxc6 7. Bd3 e5 8. 0-0 Bc5 9. Na4 Be7 10. c4 Ba6 11. b3 d5 12. Qe2 d4 13. f4 Nd7 14. Qg4 0-0 15. f5 Kh8 16. Rf3 Nf6 17. Qh3 Ng8 18. Qg3 Re8 19. Bd2 Bf6 20. Qg4 Qe7 21. Rh3 h6 22. Qh5 Kh7 23. Rf1 c5 24. Rff3 g6 25. Qg4 Kg7 26. Rfg3 Bc8 27. Rh5 Qd8 28. Nxc5 Be7 29. Ne6+ Bxe6 30. fxe6 Qc8 31. exf7 Qxg4 32. fxg8Q+ 1-0

[Event "Belgrade tt Cup"]
[Site "Belgrade"]
[Date "2005.04.08"]
[Round "4"]
[White "Srdic, Danilo"]
[Black "Ilic, Slobodan"]
[Result "1/2-1/2"]
[WhiteElo "2230"]
[BlackElo "2229"]
[PlyCount "60"]
[EventDate "2005.04.05"]
[EventType "team-tourn"]
[EventRounds "5"]
[EventCountry "YUG"]
[SourceTitle "CBM 105 Extra"]
[Source "ChessBase"]
[SourceDate "2005.05.01"]
[SourceVersion "1"]
[SourceVersionDate "2005.05.01"]
[SourceQuality "1"]

1. e4 c5 2. Nf3 d6 3. d4 cxd4 4. Nxd4 Nf6 5. Nc3 g6 6. Be3 Bg7 7. f3 Nc6 8. Qd2 0-0 9. 0-0-0 Bd7 10. Bc4 Rc8 11. Bb3 Ne5 12. Kb1 Nc4 13. Bxc4 Rxc4 14. Nde2 b5 15. Bh6 Bxh6 16. Qxh6 b4 17. Nd5 Nxd5 18. exd5 Qc7 19. Rd2 Rc8 20. Rc1 e5 21. dxe6 Bxe6 22. Nd4 Qc5 23. Qe3 Rc3 24. Qf4 Rc4 25. Nxe6 Rxf4 26. Nxc5 dxc5 27. Rcd1 Rc7 28. Rd8+ Kg7 29. R1d3 h5 30. Kc1 c4 1/2-1/2

[Event "Belgrade tt Cup"]
[Site "Belgrade"]
[Date "2005.04.06"]
[Round "2"]
[White "Radojevic, Sasa"]
[Black "Ilic, Slobodan"]
[Result "1-0"]
[WhiteElo "2110"]
[BlackElo "2229"]
[PlyCount "109"]
[EventDate "2005.04.05"]
[EventType "team-tourn"]
[EventRounds "5"]
[EventCountry "YUG"]
[SourceTitle "CBM 105 Extra"]
[Source "ChessBase"]
[SourceDate "2005.05.01"]
[SourceVersion "1"]
[SourceVersionDate "2005.05.01"]
[SourceQuality "1"]

1. d4 Nf6 2. c4 c5 3. Nf3 cxd4 4. Nxd4 e6 5. Nc3 Nc6 6. a3 d5 7. Bg5 Be7 8. e3 h6 9. Bf4 0-0 10. Rc1 a6 11. Be2 Nxd4 12. Qxd4 dxc4 13. Qxc4 b5 14. Qb3 Bb7 15. 0-0 Qa5 16. Rfd1 Rac8 17. Be5 Rfd8 18. Rxd8+ Bxd8 19. Re1 Be7 20. h3 Ba8 21. Bf1 Rd8 22. Bd4 Qc7 23. Rc1 Qb7 24. Be5 Nd7 25. Bg3 Nc5 26. Qc2 b4 27. axb4 Nd3 28. Rd1 Nxb4 29. Rxd8+ Bxd8 30. Qd2 Bf6 31. f3 Nd5 32. Nxd5 exd5 33. b4 Qc6 34. Bd3 Bc3 35. Qc2 Bb7 36. Qb3 Bd2 37. Bc2 Qb6 38. Bf2 Qxb4 39. Qd3 g6 40. e4 Qc3 41. exd5 Qa1+ 42. Kh2 Qe5+ 43. Bg3 Qxd5 44. Qe2 Bc3 45. Qe8+ Kg7 46. Be4 Qc5 47. Bxb7 Bd4 48. Bxa6 h5 49. Qe2 g5 50. h4 gxh4 51. Bxh4 Qc7+ 52. Bg3 Bg1+ 53. Kxg1 Qxg3 54. Bd3 h4 55. Qe4 1-0

[Event "Lefkos Pyrgos int 7th"]
[Site "Thessaloniki"]
[Date "2003.12.24"]
[Round "6"]
[White "Abatzidis, Stelios"]
[Black "Ilic, Slobodan"]
[Result "0-1"]
[WhiteElo "2078"]
[BlackElo "2222"]
[PlyCount "58"]
[EventDate "2003.12.20"]
[EventType "swiss"]
[EventRounds "9"]
[EventCountry "GRE"]
[SourceTitle "CBM 097 Extra"]
[Source "ChessBase"]
[SourceDate "2004.01.13"]
[SourceVersion "1"]
[SourceVersionDate "2004.01.13"]
[SourceQuality "1"]

1. e4 c5 2. Nf3 e6 3. d4 cxd4 4. Nxd4 Nf6 5. Nc3 d6 6. Be3 Nc6 7. Be2 Be7 8. Qd2 a6 9. f4 Qc7 10. g4 Nd7 11. h4 Na5 12. f5 Ne5 13. b3 Bd7 14. Nd1 b5 15. Nf2 Nac6 16. 0-0-0 Rc8 17. Kb1 Qb7 18. Nxc6 Bxc6 19. Bd3 d5 20. fxe6 fxe6 21. Bd4 dxe4 22. Nxe4 Nxd3 23. cxd3 0-0 24. Rhe1 Bxh4 25. Nd6 Qd7 26. Nxc8 Qxd4 27. Rxe6 Rxc8 28. Qb2 Qxg4 29. Rc1 Qxe6 0-1

[Event "Serbia-chT"]
[Site "Jahorina"]
[Date "2001.08.19"]
[Round "9"]
[White "Talic, Miro"]
[Black "Ilic, Slobodan"]
[Result "1/2-1/2"]
[WhiteElo "2275"]
[BlackElo "2223"]
[PlyCount "31"]
[EventDate "2001.08.11"]
[EventType "team"]
[EventRounds "9"]
[EventCountry "YUG"]
[SourceTitle "EXT 2002"]
[Source "ChessBase"]
[SourceDate "2001.11.25"]
[SourceVersion "1"]
[SourceVersionDate "2001.11.25"]
[SourceQuality "1"]

1. d4 Nf6 2. c4 e6 3. Nf3 b6 4. g3 Ba6 5. Nbd2 Be7 6. Bg2 c6 7. 0-0 0-0 8. Ne5 d5 9. b3 Nfd7 10. Nxd7 Nxd7 11. e4 Rc8 12. Bb2 Bb4 13. Rc1 Qe7 14. Nb1 dxc4 15. bxc4 Rfd8 16. Qb3 1/2-1/2